NLSUI OPAC header image

The most common mistakes in english usage (Record no. 338)

MARC details
000 -LEADER
fixed length control field 00414nam a2200157Ia 4500
008 - FIXED-LENGTH DATA ELEMENTS--GENERAL INFORMATION
fixed length control field 160316s1961 xxu||||| |||| 00| 0 eng d
082 ## - DEWEY DECIMAL CLASSIFICATION NUMBER
Classification number 428.000000
Item number BER-2
100 ## - MAIN ENTRY--PERSONAL NAME
Personal name Berry Thomas Elliott
245 ## - TITLE STATEMENT
Title The most common mistakes in english usage
250 ## - EDITION STATEMENT
Edition statement
260 ## - PUBLICATION, DISTRIBUTION, ETC.
Place of publication, distribution, etc. New Delhi
Name of publisher, distributor, etc. Tata McGraw-Hill Co.
Date of publication, distribution, etc. 1961
300 ## - PHYSICAL DESCRIPTION
Extent 146p
Other physical details 20 cm
Dimensions vi
365 ## - TRADE PRICE
Price amount Rs.21
650 ## - SUBJECT ADDED ENTRY--TOPICAL TERM
Topical term or geographic name entry element 1.English Language
700 ## - ADDED ENTRY--PERSONAL NAME
Personal name
--
Holdings
Withdrawn status Lost status Damaged status Not for loan Home library Current library Shelving location Date acquired Cost, normal purchase price Total Checkouts Full call number Barcode Date last seen Price effective from Koha item type
        NLS NLS   30/05/2017 21.00   428 BER-2 342 30/05/2017 30/05/2017 BOOKs